Carregant...
Advanced inorganic chemistry /
| Autor principal: | |
|---|---|
| Altres autors: | |
| Format: | Printed Book |
| Publicat: |
New York:
John Wiley,
1988.
|
| Edició: | 5th ed. |
| Matèries: |
| LEADER | 00529cam a2200181ua 4500 | ||
|---|---|---|---|
| 020 | |a 0-471-84997-9 | ||
| 082 | |a 546 |b COT/A | ||
| 100 | |a Cotton,, F.Albert | ||
| 245 | 1 | 2 | |a Advanced inorganic chemistry / |
| 250 | |a 5th ed. | ||
| 260 | |a New York: |b John Wiley, |c 1988. | ||
| 300 | |a xvii, 1455p.. | ||
| 500 | |a Includes index. | ||
| 650 | 0 | |a Chemistry | |
| 700 | 0 | 2 | |a Wilkinson,, Geoffrey |
| 942 | |c BK | ||
| 999 | |c 8393 |d 8393 | ||
| 952 | |0 0 |1 0 |4 0 |6 546_000000000000000_COTA |7 0 |9 8764 |a KUCL |b KUCL |d 2014-05-23 |l 0 |o 546 COT/A |p 01672 |r 2014-05-23 |y BK | ||